TV Shows Playing Video Games Quiz Stats

 Plays Quiz Updated Sep 8, 2019

Score 0/26 Timer 07:00
8 Plays Today
% Correct
South Park
96.2%
Futurama
95.5%
The Big Bang Theory
95.4%
The Simpsons
94.1%
Family Guy
93.3%
Seinfeld
91.8%
The Office
91.3%
Friends
90.5%
The Powerpuff Girls
88%
King of the Hill
86.8%
Bob's Burgers
84%
Stranger Things
83.1%
How I Met Your Mother
82.3%
% Correct
The Golden Girls
81.2%
Scrubs
79.7%
Everybody Loves Raymond
79.3%
Conan
79.1%
Full House
75.2%
Roseanne
69.3%
Frasier
67.5%
The Sopranos
67%
Saturday Night Live
64.5%
Community
57.6%
Home Improvement
53.3%
ER
45.1%
The Goldbergs
43.3%

You're not logged in!

Compare scores with friends on all Sporcle quizzes.
OR
Log In

Sporcle TV

Today on Sporcle TV


Watch our educational content, quiz creation guides, and fun videos on Sporcle TV.

Show Comments

Extras

Top Quizzes Today


Score Distribution

Your Account Isn't Verified!

In order to create a playlist on Sporcle, you need to verify the email address you used during registration. Go to your Sporcle Settings to finish the process.

Report this User

Report this user for behavior that violates our Community Guidelines.

Details: